[Event "SR 3. liga A2 2016/2017"]
[Site "?"]
[Date "2017.01.08"]
[Round "6.3"]
[White "Danada, Tomas"]
[Black "Cibulka, Vladimir"]
[Result "1-0"]
[WhiteElo "2231"]
[BlackElo "2192"]
[PlyCount "63"]
[EventDate "2016.??.??"]

1. g3 d5 2. Bg2 Nf6 3. d3 c6 4. Nd2 Bg4 5. h3 Bh5 6. g4 Bg6 7. f4 h6 8. e4 e6
9. Qe2 Be7 10. Ngf3 Na6 11. Ne5 Bh7 12. O-O Nc5 13. Kh1 Qc7 14. exd5 Nxd5 15.
d4 Nd7 16. c4 Nb4 17. Ne4 Nxe5 18. fxe5 c5 19. d5 Qd7 20. a3 Na6 21. Bf4 O-O
22. Rad1 Rad8 23. Qe3 b6 24. Bxh6 f5 25. exf6 Bxf6 26. Rxf6 Rxf6 27. Nxf6+ gxf6
28. Rf1 Nc7 29. Rxf6 exd5 30. Bxd5+ Nxd5 31. Qg5+ Kh8 32. Rd6 1-0

[Event "SR 3. liga A2 2016/2017"]
[Site "?"]
[Date "2017.01.08"]
[Round "6.3"]
[White "Rachela, Jozef"]
[Black "Pribila, Gerhard"]
[Result "1/2-1/2"]
[WhiteElo "2038"]
[BlackElo "2135"]
[PlyCount "32"]
[EventDate "2016.??.??"]

1. e4 c5 2. Nf3 e6 3. d4 cxd4 4. Nxd4 Nf6 5. Nc3 d6 6. Be3 Be7 7. Bb5+ Bd7 8.
O-O O-O 9. Bd3 Nc6 10. Nb3 Ne5 11. f3 a6 12. a4 Qc7 13. a5 Nc4 14. Bxc4 Qxc4
15. Qd2 Rac8 16. Rfd1 h6 1/2-1/2

[Event "SR 3. liga A2 2016/2017"]
[Site "?"]
[Date "2017.01.08"]
[Round "6.3"]
[White "Travnicek, Petr"]
[Black "Bugar, Peter"]
[Result "1-0"]
[WhiteElo "2089"]
[BlackElo "1942"]
[PlyCount "49"]
[EventDate "2016.??.??"]

1. d4 Nf6 2. c4 c5 3. d5 e6 4. Nc3 exd5 5. cxd5 d6 6. e4 g6 7. f4 Bg7 8. Bb5+
Bd7 9. e5 Qe7 10. Nf3 a6 11. O-O Bxb5 12. exf6 Qxf6 13. Re1+ Kf8 14. Nxb5 axb5
15. Qe2 Na6 16. Qxb5 Rb8 17. Bd2 Qf5 18. Rad1 Qxd5 19. Bc3 Qf5 20. Rxd6 Qxf4
21. Ne5 Kg8 22. Rxa6 f6 23. Qb3+ c4 24. Nxc4 bxa6 25. Nb6+ 1-0

[Event "SR 3. liga A2 2016/2017"]
[Site "?"]
[Date "2017.01.08"]
[Round "6.3"]
[White "Matis, Tibor ml"]
[Black "Ambros, Rafael"]
[Result "1/2-1/2"]
[WhiteElo "1842"]
[BlackElo "2001"]
[PlyCount "120"]
[EventDate "2016.??.??"]

1. e4 b6 2. d4 Bb7 3. Nc3 e6 4. Bf4 Bb4 5. f3 Nf6 6. Bd3 Nh5 7. Bg3 Nxg3 8.
hxg3 Qg5 9. Nge2 Nc6 10. f4 Qe7 11. Qd2 O-O-O 12. O-O-O Bxc3 13. Qxc3 Nb4 14.
Kb1 Nxd3 15. Qxd3 f5 16. exf5 exf5 17. Nc3 g6 18. d5 Rde8 19. Nb5 Qe3 20. Qc4
Qc5 21. Qxc5 bxc5 22. c4 Ba6 23. Rde1 Bxb5 24. cxb5 h5 25. Kc2 Kb7 26. Kd3 Kb6
27. Kc4 d6 28. Re6 Rxe6 29. dxe6 c6 30. Re1 d5+ 31. Kc3 cxb5 32. e7 Re8 33.
Re6+ Kc7 34. b4 Kd7 35. Rxg6 d4+ 36. Kd3 c4+ 37. Kxd4 Rxe7 38. Ra6 Kd8 39. a4
Rd7+ 40. Kc3 Rd3+ 41. Kc2 bxa4 42. Rxa4 Rxg3 43. Rxa7 Rxg2+ 44. Kc3 Rg4 45. b5
Kc8 46. Kxc4 Rxf4+ 47. Kc5 Kd8 48. Kb6 h4 49. Ra8+ Kd7 50. Rh8 Rg4 51. Kb7 f4
52. Rh7+ Kd6 53. b6 f3 54. Rf7 Rg3 55. Ka7 f2 56. Rxf2 Ra3+ 57. Kb7 Rb3 58.
Rd2+ Ke5 59. Ra2 h3 60. Kc7 Kf4 1/2-1/2

[Event "SR 3. liga A2 2016/2017"]
[Site "?"]
[Date "2017.01.08"]
[Round "6.3"]
[White "Brunovsky, Peter"]
[Black "Mezes, Kristof"]
[Result "1-0"]
[WhiteElo "1818"]
[BlackElo "1442"]
[PlyCount "95"]
[EventDate "2016.??.??"]

1. Nf3 e6 2. d4 d5 3. Bf4 Nf6 4. e3 c5 5. c3 Nc6 6. Nbd2 Qb6 7. Rb1 Be7 8. Bd3
O-O 9. h3 Bd7 10. O-O Nb8 11. Re1 Bb5 12. Bc2 Bc6 13. Ne5 Rd8 14. Ng4 Nbd7 15.
Nf3 Nxg4 16. hxg4 Nf6 17. Ne5 h6 18. g5 hxg5 19. Bxg5 g6 20. Qf3 Kg7 21. g4 Rh8
22. Kg2 Rh7 23. Rh1 Rah8 24. Rxh7+ Rxh7 25. Qf4 cxd4 26. exd4 Qd8 27. Rh1 Rxh1
28. Kxh1 Qh8+ 29. Kg2 Be8 30. f3 Ng8 31. Bxe7 Nxe7 32. g5 Nf5 33. Bxf5 exf5 34.
Qh2 Qh5 35. Qxh5 gxh5 36. f4 f6 37. gxf6+ Kxf6 38. Kg3 Kg7 39. Kh4 Kh6 40. Nd3
a5 41. Ne1 b5 42. Nc2 Bd7 43. Ne3 Be6 44. b3 Kg6 45. Nf1 Kh6 46. Ng3 Kg6 47.
Nxh5 Bd7 48. Ng3 1-0

[Event "SR 3. liga A2 2016/2017"]
[Site "?"]
[Date "2017.01.08"]
[Round "6.4"]
[White "Kalmar, Tamas"]
[Black "Skreno, Vladimir"]
[Result "1/2-1/2"]
[WhiteElo "2066"]
[BlackElo "2207"]
[PlyCount "37"]
[EventDate "2016.??.??"]

1. d4 Nf6 2. c4 g6 3. Nc3 Bg7 4. e4 d6 5. f3 O-O 6. Be3 e5 7. Nge2 c6 8. Qd2
Nbd7 9. g4 a6 10. d5 c5 11. Ng3 Ne8 12. Bd3 Rb8 13. a4 Qa5 14. Ke2 f6 15. h4
Rf7 16. h5 g5 17. h6 Bh8 18. Nf5 Nf8 19. Kf2 1/2-1/2

[Event "SR 3. liga A2 2016/2017"]
[Site "?"]
[Date "2017.01.08"]
[Round "6.4"]
[White "Malar, Pavol"]
[Black "Veselsky, Jozef"]
[Result "1-0"]
[WhiteElo "2087"]
[BlackElo "2076"]
[PlyCount "97"]
[EventDate "2016.??.??"]

1. e4 c5 2. Nc3 Nc6 3. f4 g6 4. Nf3 Bg7 5. Bc4 d6 6. O-O Nf6 7. d3 O-O 8. h3
Na5 9. Be3 a6 10. a4 Nxc4 11. dxc4 Bd7 12. Qd3 Bc6 13. Rad1 Nd7 14. g4 Rb8 15.
b3 b6 16. Bd2 Qc8 17. Nd5 Re8 18. Bc3 f6 19. g5 b5 20. axb5 axb5 21. f5 Ne5 22.
Nxe5 dxe5 23. gxf6 exf6 24. fxg6 bxc4 25. bxc4 Bxd5 26. gxh7+ Kh8 27. cxd5 Qd7
28. Qf3 Rf8 29. Qh5 Qa4 30. Qe2 Rb7 31. Ra1 Qd7 32. Qh5 Qb5 33. Rae1 Ra7 34.
Re3 Ra3 35. Rg3 Qe8 36. Qf5 Ra7 37. Rg6 Qd7 38. Qh5 Ra3 39. Rf3 Qb7 40. Rg2 Ra2
41. Kh2 Qb1 42. Qg6 Qb7 43. Bxe5 Qe7 44. Bc3 Ra4 45. Rfg3 Rf7 46. e5 fxe5 47.
Bxe5 Ra7 48. Bxg7+ Rxg7 49. Qxg7+ 1-0

[Event "SR 3. liga A2 2016/2017"]
[Site "?"]
[Date "2017.01.08"]
[Round "6.4"]
[White "Ivan, Imrich Ml"]
[Black "Gajarsky, Roman"]
[Result "1-0"]
[WhiteElo "2008"]
[BlackElo "1767"]
[PlyCount "83"]
[EventDate "2016.??.??"]

1. Nf3 c5 2. b3 d5 3. Bb2 Nc6 4. e3 Bg4 5. h3 Bh5 6. Be2 f6 7. d4 e6 8. O-O Bf7
9. Bb5 Qc7 10. Nbd2 a6 11. Bxc6+ Qxc6 12. Rc1 Rd8 13. c4 dxc4 14. Nxc4 b6 15.
Qe2 Bh5 16. g4 Bg6 17. Nh4 Bf7 18. e4 Qb7 19. d5 e5 20. f4 b5 21. Na5 Qb6 22.
Nc6 Rd6 23. fxe5 Rxc6 24. dxc6 Qxc6 25. exf6 Nxf6 26. Bxf6 gxf6 27. e5 c4 28.
Nf5 Bc5+ 29. Kh2 O-O 30. Nh6+ Kg7 31. Rxf6 Qb7 32. Rcf1 Bg6 33. Rxf8 Bxf8 34.
Nf5+ Kg8 35. bxc4 bxc4 36. Qxc4+ Kh8 37. Qe6 Qb2+ 38. Kg3 Qe2 39. Qf6+ Kg8 40.
Nh6+ Bxh6 41. Qd8+ Kg7 42. Qf8# 1-0

[Event "SR 3. liga A2 2016/2017"]
[Site "?"]
[Date "2017.01.08"]
[Round "6.4"]
[White "Janas, Peter"]
[Black "Meszaros, Lorant"]
[Result "1-0"]
[WhiteElo "1682"]
[BlackElo "2009"]
[PlyCount "27"]
[EventDate "2016.??.??"]

1. d4 f5 2. Bg5 c6 3. Nd2 Qb6 4. Nb3 a5 5. a4 h6 6. Bd2 g6 7. e3 Nf6 8. Nf3 d6
9. Bd3 Be6 10. Bc3 Ne4 11. Bxe4 fxe4 12. d5 exf3 13. dxe6 Rg8 14. Qxf3 1-0

[Event "SR 3. liga A2 2016/2017"]
[Site "?"]
[Date "2017.01.08"]
[Round "6.4"]
[White "Feher, Tibor"]
[Black "Tupy, Bystrik"]
[Result "1-0"]
[WhiteElo "1804"]
[BlackElo "1722"]
[PlyCount "103"]
[EventDate "2016.??.??"]

1. e4 e5 2. Nf3 Nc6 3. d4 exd4 4. Nxd4 Bc5 5. Be3 Bb6 6. Nxc6 bxc6 7. Bxb6 cxb6
8. Nc3 d6 9. Qd2 Nf6 10. O-O-O O-O 11. Qxd6 Qe8 12. f3 h6 13. Bc4 Bb7 14. Qc7
Qc8 15. Qxc8 Raxc8 16. Rd2 Rcd8 17. Rhd1 Rxd2 18. Rxd2 b5 19. Bb3 a5 20. a3 Re8
21. Nd1 c5 22. c4 a4 23. Bc2 Bc6 24. cxb5 Bxb5 25. Nc3 Bc4 26. Bxa4 Rc8 27. Bb5
Bb3 28. Rd6 c4 29. Kd2 Ne8 30. Bxe8 Rxe8 31. Ke3 g6 32. Nd5 Kg7 33. Kd4 h5 34.
Nb6 Rb8 35. Kc3 Rb7 36. Rc6 g5 37. g3 Bd1 38. Nxc4 Bxf3 39. Nd2 Bg2 40. Rc5 Kg6
41. a4 Re7 42. b4 Bxe4 43. Nxe4 Rxe4 44. a5 Re2 45. a6 Rxh2 46. a7 h4 47. a8=Q
hxg3 48. Qc6+ f6 49. Qe4+ Kh5 50. Qf3+ Kg6 51. Rc6 g2 52. Qxf6+ 1-0

[Event "SR 3. liga A2 2016/2017"]
[Site "?"]
[Date "2017.01.08"]
[Round "6.4"]
[White "Tupy, Emil"]
[Black "Both, Lajos"]
[Result "0-1"]
[WhiteElo "1675"]
[BlackElo "1792"]
[PlyCount "116"]
[EventDate "2016.??.??"]

1. c4 Nf6 2. Nc3 g6 3. d4 c5 4. d5 e6 5. e4 exd5 6. cxd5 d6 7. Bg5 Bg7 8. g3 h6
9. Bxf6 Qxf6 10. Qc2 a6 11. Bg2 b5 12. a3 O-O 13. Nge2 Nd7 14. f4 Rb8 15. b4
cxb4 16. axb4 Nb6 17. O-O Nc4 18. Qd3 Qd8 19. Ra2 Qb6+ 20. Kh1 Ne3 21. Rg1 Bg4
22. h3 Bd7 23. Nd1 Nxg2 24. Kxg2 Rbc8 25. Ne3 Rfe8 26. Kh2 f5 27. e5 dxe5 28.
fxe5 Rxe5 29. Ng2 Re4 30. Rd1 Qd6 31. Ngf4 Kh7 32. Ne6 Bxe6 33. dxe6 Qxd3 34.
Rxd3 Rxe6 35. Nf4 Rec6 36. Rd7 Rc2+ 37. Rxc2 Rxc2+ 38. Kg1 Rc6 39. Nd5 h5 40.
h4 Kh6 41. Ne7 Re6 42. Ng8+ Kh7 43. Ne7 a5 44. bxa5 b4 45. Rb7 b3 46. Nxf5 gxf5
47. Rxb3 Ra6 48. Rb5 Kg6 49. Kg2 Bc3 50. Rb6+ Rxb6 51. axb6 Be5 52. Kf3 Kf6 53.
b7 Bb8 54. Kg2 Ke6 55. Kf3 Kd5 56. g4 fxg4+ 57. Kg2 Kc6 58. Kh1 Kxb7 0-1

[Event "SR 3. liga A2 2016/2017"]
[Site "?"]
[Date "2017.01.08"]
[Round "6.4"]
[White "Arpa, Zoltan"]
[Black "Jancicka, Viliam"]
[Result "1-0"]
[WhiteElo "1785"]
[BlackElo "1640"]
[PlyCount "113"]
[EventDate "2016.??.??"]

1. d4 d5 2. c4 e6 3. e3 Nf6 4. Nc3 Bb4 5. Bd2 O-O 6. Nf3 c5 7. a3 Bxc3 8. Bxc3
cxd4 9. Nxd4 Re8 10. Be2 e5 11. Nf3 Nc6 12. Qb3 dxc4 13. Bxc4 Qc7 14. O-O Bg4
15. Ng5 Bh5 16. f3 h6 17. Nh3 Rad8 18. g4 Bg6 19. e4 Nd4 20. Bxd4 Rxd4 21. Rac1
Qe7 22. Rfd1 Red8 23. Nf2 Rxd1+ 24. Rxd1 Rxd1+ 25. Qxd1 h5 26. g5 Nh7 27. h4
Nf8 28. Nd3 Kh7 29. Qe1 f6 30. Qe3 fxg5 31. Qxg5 Qxg5+ 32. hxg5 Nd7 33. Be6 Nf8
34. Bd5 b6 35. Nxe5 Be8 36. f4 g6 37. Kg2 Kg7 38. Kg3 Nd7 39. Nxd7 Bxd7 40. Bc4
Bg4 41. Bd3 Be6 42. f5 gxf5 43. exf5 Bb3 44. Kh4 Bd1 45. Bb5 Bg4 46. Bd7 Kf7
47. Be6+ Ke7 48. Kg3 Bd1 49. Kf4 h4 50. Bd5 Bh5 51. Bf3 Be8 52. Kg4 Kd6 53.
Kxh4 Ke5 54. f6 Bg6 55. Bh5 Kf5 56. Bxg6+ Kxg6 57. Kg4 1-0

[Event "SR 3. liga A2 2016/2017"]
[Site "?"]
[Date "2017.01.08"]
[Round "6.4"]
[White "Bojnansky, Juraj"]
[Black "Sarkozi, Szabolcs"]
[Result "0-1"]
[WhiteElo "1640"]
[BlackElo "1620"]
[PlyCount "68"]
[EventDate "2016.??.??"]

1. d4 Nf6 2. c4 e6 3. Nf3 d5 4. Nc3 Bb4 5. a3 Bxc3+ 6. bxc3 O-O 7. Bg5 h6 8.
Bh4 Nbd7 9. g4 c5 10. g5 hxg5 11. Bxg5 Qa5 12. Qc2 cxd4 13. Nxd4 Ne4 14. Bd2
Ndc5 15. cxd5 Nxd2 16. Kxd2 exd5 17. Bg2 Be6 18. Rag1 Rac8 19. Bxd5 Bxd5 20.
Rxg7+ Kxg7 21. Rg1+ Kh8 22. Qf5 Ne4+ 23. Ke3 Qxc3+ 24. Kf4 Qd2+ 25. e3 Qxf2+
26. Nf3 Qxg1 27. Nxg1 Nc3 28. Qh5+ Kg7 29. Qg5+ Kh8 30. Qh5+ Kg8 31. Qg5+ Kh7
32. Qh5+ Kg8 33. Nh3 Rc4+ 34. Kg3 Ne4+ 0-1

[Event "SR 3. liga A2 2016/2017"]
[Site "?"]
[Date "2017.01.08"]
[Round "6.5"]
[White "Cech, Dominik"]
[Black "Kovacocy, Pavel"]
[Result "0-1"]
[WhiteElo "2214"]
[BlackElo "2218"]
[PlyCount "70"]
[EventDate "2016.??.??"]

1. e4 c5 2. Nf3 g6 3. d4 cxd4 4. Nxd4 Nc6 5. c4 Nf6 6. Nc3 d6 7. Be2 Bg7 8. Be3
O-O 9. O-O Nxd4 10. Bxd4 Bd7 11. f3 Bc6 12. Qd2 a5 13. b3 Nd7 14. Be3 Nc5 15.
Rab1 Qb6 16. Rfc1 Rfc8 17. Bd1 Qd8 18. a3 e5 19. b4 axb4 20. axb4 Ne6 21. b5
Be8 22. Nd5 Nd4 23. Bg5 f6 24. Be3 Bf7 25. Bxd4 exd4 26. Qxd4 f5 27. Qd2 fxe4
28. fxe4 Qh4 29. Qf2 Bd4 30. Ne3 Qxe4 31. Rb3 Re8 32. Rcc3 Ra1 33. Qe2 Bxc3 34.
Rxc3 Qd4 35. Rd3 Rxe3 0-1

[Event "SR 3. liga A2 2016/2017"]
[Site "?"]
[Date "2017.01.08"]
[Round "6.5"]
[White "Sarmir, Milos"]
[Black "Nemsak, Denis"]
[Result "1-0"]
[WhiteElo "2037"]
[BlackElo "2061"]
[PlyCount "53"]
[EventDate "2016.??.??"]

1. Nf3 f5 2. d4 Nf6 3. c4 g6 4. Nc3 Bg7 5. e3 O-O 6. Bd3 d6 7. O-O Qe8 8. Qc2
e5 9. dxe5 dxe5 10. e4 f4 11. Nd5 Qd8 12. b3 c6 13. Nxf6+ Bxf6 14. Bb2 Qe7 15.
c5 Kh8 16. Rad1 g5 17. Nd2 Be6 18. Nc4 Nd7 19. Be2 Rad8 20. Nd6 Nb8 21. Bc4
Bxc4 22. Qxc4 b6 23. Nf5 Qxc5 24. Rxd8 Rxd8 25. Qe6 Rf8 26. Rd1 Qa5 27. Qxf6+
1-0

[Event "SR 3. liga A2 2016/2017"]
[Site "?"]
[Date "2017.01.08"]
[Round "6.5"]
[White "Bincik, Pavol"]
[Black "Vagovsky, Jozef"]
[Result "1-0"]
[WhiteElo "1938"]
[BlackElo "1845"]
[PlyCount "81"]
[EventDate "2016.??.??"]

1. d4 Nf6 2. c4 e6 3. Nf3 d5 4. Nc3 c5 5. e3 Nc6 6. cxd5 exd5 7. Be2 Be7 8. O-O
c4 9. b3 cxb3 10. Qxb3 O-O 11. Ne5 Qd6 12. Nb5 Qb8 13. f4 Bf5 14. Bf3 Qd8 15.
Nc3 Na5 16. Qa4 Ne4 17. Nxe4 Bxe4 18. Bxe4 dxe4 19. Bd2 b6 20. Bxa5 bxa5 21.
Nc6 Qe8 22. Nxe7+ Qxe7 23. Qxa5 f5 24. Rfc1 Rf7 25. Rc5 Raf8 26. Rac1 Qb7 27.
Qc3 Qa6 28. Qc4 Qxc4 29. R1xc4 g6 30. Rb4 Rd8 31. a4 Kg7 32. a5 Rd6 33. Kf2 Kh6
34. Kg3 Rdd7 35. Rc6 Rb7 36. Rbc4 Rb3 37. Rc3 Rxc3 38. Rxc3 Rf6 39. Kh4 Rd6 40.
g4 Re6 41. g5+ 1-0

[Event "SR 3. liga A2 2016/2017"]
[Site "?"]
[Date "2017.01.08"]
[Round "6.5"]
[White "Markuliak, Mario"]
[Black "Manak, Jozef"]
[Result "1-0"]
[WhiteElo "1896"]
[BlackElo "1978"]
[PlyCount "31"]
[EventDate "2016.??.??"]

1. c4 e5 2. Nc3 Nf6 3. g3 d5 4. cxd5 Nxd5 5. Bg2 Nb6 6. Nf3 Nc6 7. O-O Be7 8.
d3 Be6 9. Bd2 f6 10. a3 Qd7 11. Qc2 Bh3 12. Na4 Nxa4 13. Qxa4 Bxg2 14. Kxg2 O-O
15. Rac1 a5 16. Qb3+ 1-0

[Event "SR 3. liga A2 2016/2017"]
[Site "?"]
[Date "2017.01.08"]
[Round "6.5"]
[White "Podjavorinsky, Michal"]
[Black "Vlkovic, Pavol"]
[Result "1-0"]
[WhiteElo "1841"]
[BlackElo "1764"]
[PlyCount "70"]
[EventDate "2016.??.??"]

1. e4 Nf6 2. e5 Nd5 3. c4 Nb6 4. d4 d6 5. f4 dxe5 6. fxe5 Nc6 7. Nf3 Bf5 8. a3
e6 9. Be3 Be7 10. Bd3 Bg4 11. Nbd2 Nxe5 12. Be4 Bxf3 13. Bxf3 Nxf3+ 14. Qxf3 c6
15. O-O O-O 16. Rad1 f5 17. Qe2 Nd7 18. Bf4 Rf6 19. b4 a5 20. Nf3 Qe8 21. c5
Qh5 22. Rfe1 h6 23. Qc4 Nf8 24. Rd3 g5 25. Bd6 Bxd6 26. cxd6 g4 27. Ne5 f4 28.
Re4 Qf5 29. Re2 axb4 30. Qxb4 f3 31. gxf3 gxf3 32. Rxf3 Qh5 33. Rg2+ Rg6 34.
Nxg6 Nxg6 35. Rxg6+ Kh7 1-0

[Event "SR 3. liga A2 2016/2017"]
[Site "?"]
[Date "2017.01.08"]
[Round "6.5"]
[White "Hornak, Pavol"]
[Black "Mihalik, Anton"]
[Result "1/2-1/2"]
[WhiteElo "1806"]
[BlackElo "1940"]
[PlyCount "35"]
[EventDate "2016.??.??"]

1. d4 d5 2. c4 e6 3. Nf3 Nf6 4. g3 Be7 5. Bg2 O-O 6. O-O c6 7. b3 Nbd7 8. Bb2
Ne4 9. Nfd2 f5 10. Nc3 Ndf6 11. f3 Nd6 12. e3 Nf7 13. Ne2 Bd6 14. Qc2 Qe7 15.
c5 Bc7 16. Rae1 Ng5 17. b4 Bd7 18. a3 1/2-1/2

[Event "SR 3. liga A2 2016/2017"]
[Site "?"]
[Date "2017.01.08"]
[Round "6.5"]
[White "Manak, Adrian"]
[Black "Kavuljak, Alojz"]
[Result "1-0"]
[WhiteElo "1938"]
[BlackElo "1662"]
[PlyCount "59"]
[EventDate "2016.??.??"]

1. e4 g6 2. d4 Bg7 3. Nc3 d6 4. f4 Nd7 5. Nf3 e6 6. Be3 Ne7 7. Qd2 a6 8. O-O-O
Nb6 9. g4 Bd7 10. h4 Na4 11. h5 Nxc3 12. Qxc3 Bc6 13. h6 Bxh6 14. d5 exd5 15.
Qxh8+ Bf8 16. exd5 Nxd5 17. Bg2 Qd7 18. Ne5 Qe6 19. Nxc6 Qxe3+ 20. Kb1 Nxf4 21.
Rhe1 Ne2 22. Nd4 O-O-O 23. Rxe2 Qg5 24. Nf3 Qb5 25. Rde1 d5 26. Nd4 Qd7 27. g5
Bb4 28. Re8 Bxe1 29. Rxd8+ Qxd8 30. Bh3+ 1-0

[Event "SR 3. liga A2 2016/2017"]
[Site "?"]
[Date "2017.01.08"]
[Round "6.5"]
[White "Prigoda, Lubos"]
[Black "Slaba, Andrea"]
[Result "0-1"]
[WhiteElo "1523"]
[BlackElo "1801"]
[PlyCount "56"]
[EventDate "2016.??.??"]

1. e4 e6 2. d4 d5 3. exd5 exd5 4. Nf3 Bd6 5. g3 Nc6 6. c3 Bg4 7. Bg2 Qd7 8. O-O
O-O-O 9. a4 f6 10. b4 g5 11. b5 Na5 12. Ba3 Bxa3 13. Nxa3 h5 14. Qd2 Bh3 15.
Rab1 Bxg2 16. Kxg2 h4 17. Rh1 h3+ 18. Kf1 Qf5 19. Qd1 Nh6 20. Ng1 Ng4 21. Qf3
Qd7 22. Re1 f5 23. Re2 Rdf8 24. Ke1 Qd6 25. Nc2 Nc4 26. Ne3 Ncxe3 27. fxe3 Qa3
28. Qxd5 Qc1# 0-1

[Event "SR 3. liga A2 2016/2017"]
[Site "?"]
[Date "2017.01.08"]
[Round "6.6"]
[White "Stanec, Stanislav"]
[Black "Provaznik, Michal"]
[Result "1/2-1/2"]
[WhiteElo "2074"]
[BlackElo "2194"]
[PlyCount "48"]
[EventDate "2016.??.??"]

1. d4 Nf6 2. c4 e6 3. Nc3 Bb4 4. Bd2 O-O 5. Nf3 b6 6. g3 Bb7 7. Bg2 d6 8. O-O
Nbd7 9. Rc1 Bxc3 10. Bxc3 Ne4 11. Nd2 Nxc3 12. Rxc3 Bxg2 13. Kxg2 f5 14. f4 Qe7
15. e4 c5 16. dxc5 Nxc5 17. exf5 Rxf5 18. Re3 Raf8 19. a3 e5 20. fxe5 dxe5 21.
Rxf5 Rxf5 22. Qe2 h6 23. b4 Nd7 24. Qd3 Qf7 1/2-1/2

[Event "SR 3. liga A2 2016/2017"]
[Site "?"]
[Date "2017.01.08"]
[Round "6.6"]
[White "Horak, Ivan"]
[Black "Berger, Patrik"]
[Result "1-0"]
[WhiteElo "2016"]
[BlackElo "1986"]
[PlyCount "93"]
[EventDate "2016.??.??"]

1. e4 d6 2. d4 Nf6 3. Nc3 g6 4. f3 Nbd7 5. Be3 c6 6. Qd2 b5 7. O-O-O Qa5 8. Kb1
Nb6 9. Nd5 Qxd2 10. Nxf6+ exf6 11. Rxd2 Bd7 12. b3 Bg7 13. h4 O-O 14. h5 f5 15.
h6 Bh8 16. Bd3 Rae8 17. Bf2 fxe4 18. fxe4 f5 19. exf5 Nd5 20. Nf3 Bxf5 21. Bxf5
Rxf5 22. Bg3 Nc3+ 23. Kb2 Ne4 24. Re2 d5 25. Rhe1 Ref8 26. Be5 Ng5 27. Nxg5
Rxg5 28. Bxh8 Kxh8 29. Re6 Rxg2 30. Rxc6 Rh2 31. Re5 Rxh6 32. Rxd5 Rh4 33. Rc7
Ra8 34. Rdd7 g5 35. d5 g4 36. d6 Rh6 37. Re7 Rxd6 38. Rxh7+ Kg8 39. Rcg7+ Kf8
40. Rxg4 Rdd8 41. Rgg7 a6 42. Rb7 Kg8 43. Rhc7 Rdc8 44. Rxc8+ Rxc8 45. Rb6 Ra8
46. Ka3 Rc8 47. Rxa6 1-0

[Event "SR 3. liga A2 2016/2017"]
[Site "?"]
[Date "2017.01.08"]
[Round "6.6"]
[White "Vogl, Zdenek"]
[Black "Sefcik, Marek St"]
[Result "0-1"]
[WhiteElo "1923"]
[BlackElo "2009"]
[PlyCount "64"]
[EventDate "2016.??.??"]

1. e4 c5 2. Nf3 e6 3. d4 cxd4 4. Nxd4 Bc5 5. Nb3 Bb6 6. Nc3 Ne7 7. Bg5 O-O 8.
Bd3 Nbc6 9. O-O Ne5 10. Kh1 f5 11. exf5 Nxd3 12. Qxd3 Rxf5 13. Be3 d5 14. Bxb6
Qxb6 15. Nd4 Rf6 16. Na4 Qa5 17. Qb5 Qxb5 18. Nxb5 Bd7 19. Nbc3 Rc8 20. Rad1 b5
21. Ne4 bxa4 22. Nxf6+ gxf6 23. c3 Nf5 24. g4 Nd6 25. Rd4 a5 26. a3 Rb8 27. Rb1
Nb5 28. Rd3 Nxa3 29. Rc1 Nc4 30. Rd4 Rxb2 31. Rcd1 Nd6 32. Rc1 Bb5 0-1

[Event "SR 3. liga A2 2016/2017"]
[Site "?"]
[Date "2017.01.08"]
[Round "6.6"]
[White "Chabada, Tomas St"]
[Black "Harastova, Viera"]
[Result "1-0"]
[WhiteElo "1935"]
[BlackElo "1878"]
[PlyCount "107"]
[EventDate "2016.??.??"]

1. e4 e5 2. Nf3 Nc6 3. d4 d6 4. dxe5 Nxe5 5. Nxe5 dxe5 6. Qxd8+ Kxd8 7. Nc3 Bb4
8. Bg5+ f6 9. O-O-O+ Bd7 10. Nd5 Bc5 11. Be3 Bxe3+ 12. Nxe3 c6 13. Bc4 Kc7 14.
Rd2 Rd8 15. Rhd1 Ne7 16. f3 Bc8 17. g3 Rxd2 18. Rxd2 Rd8 19. a4 a6 20. a5 Rxd2
21. Kxd2 b5 22. axb6+ Kxb6 23. Bf7 Bd7 24. Nc4+ Kc7 25. f4 exf4 26. gxf4 Ng6
27. Ke3 Nf8 28. h4 Be6 29. Bxe6 Nxe6 30. f5 Nf8 31. Kd4 g6 32. e5 fxe5+ 33.
Kxe5 Nd7+ 34. Ke6 Nc5+ 35. Kf6 Ne4+ 36. Ke5 gxf5 37. Kxf5 Ng3+ 38. Kf4 Ne2+ 39.
Kg5 Nd4 40. c3 Ne6+ 41. Kf6 Nf4 42. Kg7 h5 43. Kh6 c5 44. Kg5 Ng2 45. Kxh5 Kc6
46. Kg5 Nxh4 47. Kxh4 Kb5 48. Nd2 a5 49. Kg4 a4 50. Kf4 a3 51. bxa3 Ka4 52. Ke4
Kxa3 53. Kd5 Kb2 54. c4 1-0

[Event "SR 3. liga A2 2016/2017"]
[Site "?"]
[Date "2017.01.08"]
[Round "6.6"]
[White "Hrubsa, Marian"]
[Black "Husek, Lubomir"]
[Result "1-0"]
[WhiteElo "1883"]
[BlackElo "1865"]
[PlyCount "129"]
[EventDate "2016.??.??"]

1. e4 c5 2. Nf3 Nc6 3. d4 cxd4 4. Nxd4 a6 5. Be3 d6 6. Nc3 Nf6 7. Be2 e5 8. Nb3
Be6 9. O-O Be7 10. Qe1 b5 11. a3 Qc8 12. f3 O-O 13. Rd1 Rb8 14. Nd5 Bxd5 15.
exd5 Nd8 16. Qd2 Nb7 17. c3 Nd7 18. Bd3 Ndc5 19. Bb1 Nxb3 20. Qc2 g6 21. Qxb3
Nc5 22. Qc2 f5 23. Qf2 Nd7 24. Qd2 Nf6 25. Bg5 Rf7 26. Be3 Qc4 27. Bc2 Rc8 28.
Rfe1 Nd7 29. Bf2 Qc7 30. Re3 Qd8 31. Ree1 Bg5 32. Qe2 Nb6 33. a4 Nc4 34. axb5
axb5 35. Bd3 Qc7 36. Ra1 Rb8 37. Red1 Rff8 38. b3 Na5 39. Qb2 Rfc8 40. b4 Nc4
41. Qe2 Ra8 42. Bxc4 Qxc4 43. Qxc4 bxc4 44. Ra5 Rxa5 45. bxa5 Ra8 46. Bb6 Bd8
47. Rb1 Bxb6+ 48. axb6 Rb8 49. Kf2 Kf7 50. Ke3 g5 51. g3 h6 52. h4 Kf6 53.
hxg5+ hxg5 54. g4 Rb7 55. Rb4 Kg6 56. Rxc4 Rxb6 57. Rc6 f4+ 58. Ke4 Rb3 59.
Rxd6+ Kf7 60. Rc6 Rb1 61. Kf5 Rf1 62. Rc7+ Ke8 63. Ke6 Kd8 64. d6 Rxf3 65. Rh7
1-0

[Event "SR 3. liga A2 2016/2017"]
[Site "?"]
[Date "2017.01.08"]
[Round "6.6"]
[White "Kovarik, Oto"]
[Black "Planka, Peter"]
[Result "0-1"]
[WhiteElo "1786"]
[BlackElo "1811"]
[PlyCount "100"]
[EventDate "2016.??.??"]

1. e4 e5 2. Nf3 Nc6 3. Bb5 a6 4. Bxc6 dxc6 5. h3 f6 6. d4 exd4 7. Qxd4 Qxd4 8.
Nxd4 Bd6 9. c4 Ne7 10. Nc3 Kf7 11. Be3 c5 12. Nde2 Bd7 13. f4 Rhe8 14. O-O Kg8
15. Rad1 Rad8 16. f5 Nxf5 17. Bf2 Ne7 18. Bg3 Bxg3 19. Nxg3 Bc6 20. Nd5 Bxd5
21. exd5 Nc8 22. b3 Re5 23. Rde1 Rde8 24. Rxe5 Rxe5 25. Rf2 Nd6 26. Kh2 Kf7 27.
Rd2 a5 28. Kg1 g6 29. Kf2 f5 30. Kf3 Kf6 31. h4 h6 32. Rd1 Ke7 33. Kf4 Kf6 34.
Rd2 Ne4 35. Nxe4+ Rxe4+ 36. Kg3 Ke5 37. Kh3 Re3+ 38. Kh2 Re4 39. g3 Kd6 40. Kg2
c6 41. Kf3 Rd4 42. Rxd4 cxd4 43. dxc6 Kxc6 44. a3 Kc5 45. Ke2 d3+ 46. Kd2 Kd4
47. Kd1 Ke3 48. Ke1 g5 49. hxg5 hxg5 50. Kd1 f4 0-1

[Event "SR 3. liga A2 2016/2017"]
[Site "?"]
[Date "2017.01.08"]
[Round "6.6"]
[White "Zlamal, Marek"]
[Black "Hrubos, Milan"]
[Result "1-0"]
[WhiteElo "1778"]
[BlackElo "1820"]
[PlyCount "85"]
[EventDate "2016.??.??"]

1. d4 d5 2. e3 Nf6 3. c4 e6 4. Nf3 a6 5. Nc3 c6 6. a4 Bb4 7. Bd3 dxc4 8. Bxc4
Ne4 9. Bd2 Nxd2 10. Qxd2 Nd7 11. O-O O-O 12. Qc2 Nb6 13. Bd3 f5 14. Rfd1 Bxc3
15. bxc3 Nd5 16. Ne5 Bd7 17. Rab1 b5 18. c4 Nf6 19. axb5 cxb5 20. cxb5 axb5 21.
Nxd7 Qxd7 22. Bxb5 Qe7 23. Bc4 Rac8 24. Rb6 Nd5 25. Rb5 Qd6 26. Qb3 Rb8 27.
Bxd5 Rxb5 28. Bxe6+ Kh8 29. Qxb5 Qxe6 30. h3 h6 31. d5 Qd6 32. Qc6 Rd8 33. Qxd6
Rxd6 34. Kf1 g5 35. f3 Kg7 36. e4 Kf6 37. Ke2 h5 38. Ke3 fxe4 39. fxe4 Ke5 40.
Rf1 Rg6 41. Rf5+ Kd6 42. Kd4 h4 43. Rf7 1-0